Statistics for Second Biggest City by Country #1

Click here to take the quiz!

General Stats

  • This quiz has been taken 524 times
  • The average score is 18 of 20

Answer Stats

PopulationCountryCity% Correct
17.786 MUnited StatesLos Angeles
100%
5.375 MSpainBarcelona
96%
12.848 MBrazilRio de Janeiro
96%
4.347 MAustraliaMelbourne
94%
5.131 MRussiaSaint Petersburg
94%
28.860 MChinaShanghai
94%
21.412 MIndiaMumbai
93%
3.740 MSouth AfricaCape Town
92%
18.768 MJapanOsaka
91%
2.645 MItalyRome
91%
4.031 MEgyptAlexandria
90%
1.751 MGermanyHamburg
90%
3.635 MCanadaMontreal
90%
2.419 MUnited KingdomBirmingham
89%
3.191 MFranceMarseille
89%
799.9 KNew ZealandWellington
89%
6.844 MVietnamHanoi
86%
1.655 MMoroccoRabat
80%
4.230 MMexicoGuadalajara
76%
5.548 MSouth KoreaBusan
70%

Score Distribution

Percentile by Number Answered

Percent of People with Each Score

Your Score History

You have not taken this quiz